The third dimension in organic chemistry / (Record no. 69810)
[ view plain ]
| 000 -LEADER | |
|---|---|
| fixed length control field | 00789nam a2200265 a 4500 |
| 001 - CONTROL NUMBER | |
| control field | 69810 |
| 003 - CONTROL NUMBER IDENTIFIER | |
| rucl marc code | BD-RjUL |
| 005 - DATE AND TIME OF LATEST TRANSACTION | |
| control field | 20211209081928.0 |
| 008 - FIXED-LENGTH DATA ELEMENTS--GENERAL INFORMATION | |
| fixed length control field | 170413s1984 enka b 001 0 en d |
| 020 ## - INTERNATIONAL STANDARD BOOK NUMBER | |
| International Standard Book Number | 047190189X (pbk.) |
| 035 ## - SYSTEM CONTROL NUMBER | |
| System control number | (BD-RjUL)70022 |
| 040 ## - CATALOGING SOURCE | |
| Original cataloging agency | DLC |
| Transcribing agency | DLC |
| Modifying agency | OCL |
| -- | EUN |
| -- | PIT |
| -- | BD-RjUL |
| Language of cataloging | eng |
| 041 ## - LANGUAGE CODE | |
| Language code of text/sound track or separate title | eng |
| 082 ## - DEWEY DECIMAL CLASSIFICATION NUMBER | |
| Classification number | 547.1223 |
| Edition number | 23 |
| Author mark and year | BAT 1984 |
| 100 1# - MAIN ENTRY--PERSONAL NAME | |
| Personal name | Bassindale, Alan. |
| 9 (RLIN) | 206765 |
| 245 14 - TITLE STATEMENT | |
| Title | The third dimension in organic chemistry / |
| Statement of responsibility, etc. | Alan Bassindale |
| 260 ## - PUBLICATION, DISTRIBUTION, ETC. (IMPRINT) | |
| Place of publication, distribution, etc. | Chichester : |
| Name of publisher, distributor, etc. | Wiley, |
| Date of publication, distribution, etc. | c1984 |
| 300 ## - PHYSICAL DESCRIPTION | |
| Pagination | xii, 242 p. : |
| Illustrations | ill ; |
| Size | 23 cm |
| 500 ## - GENERAL NOTE | |
| General note | Includes index |
| 504 ## - BIBLIOGRAPHY, ETC. NOTE | |
| Bibliography, etc | Bibliography: p. 235-236 |
| 650 #0 - SUBJECT ADDED ENTRY--TOPICAL TERM | |
| Topical term or geographic name as entry element | Physical organic chemistry |
| 9 (RLIN) | 206766 |
| Topical term or geographic name as entry element | Stereochemistry |
| 9 (RLIN) | 159600 |
| Topical term or geographic name as entry element | Chemistry, Organic |
| 9 (RLIN) | 206767 |
| 942 ## - ADDED ENTRY ELEMENTS (KOHA) | |
| Source of classification or shelving scheme | Dewey Decimal Classification |
| Koha item type | Books |
| Lost status | Source of classification or shelving scheme | Damaged status | Not for loan | Collection code | Permanent Location | Current Location | Shelving location | Date acquired | Source of acquisition | Cost, normal purchase price | Total Checkouts | Full call number | Date last seen | Copy number | Koha item type |
|---|---|---|---|---|---|---|---|---|---|---|---|---|---|---|---|
| Dewey Decimal Classification | Not For Loan | Non-fiction | Central Library, University of Rajshahi | Central Library, University of Rajshahi | Reading Room | 25/09/1991 | Abacus Londo | 11.50 | 547.1223 BAT 1984 | 13/04/2017 | C-1 | Books |